000 01227nam a22003977a 4500
003 CHAP
005 20220817043951.0
008 041103d2002 it d rn 00110 fre d
010 _a88997
011 _a89969
020 _a9252046933
035 _a100524
040 _cCHAP
082 0 4 _a639.2
_bF3f v.421
110 2 _aFAO
245 1 2 _aRésultats technico-économiques des pêches maritimes
_c/ par U. Tietze, J. Prado et J.-M. Le Ry
260 _aRome :
_bFAO,
_c2002
300 _a82 p. :
_bgráfs. ; cuadros
410 2 1 _aFAO
490 0 _aDocumento técnico de pesca
_v; 421
590 _aBATCH-UPD
_b10
_c20130110
_lUCH01
_h0540
590 _aBATCH-UPD
_b10
_c20130110
_lUCH01
_h2329
590 _aBATCH-UPD
_b10
_c20130410
_lUCH01
_h0221
590 _aBATCH-UPD
_b10
_c20130914
_lUCH01
_h1215
590 _aCONVERSION
_b10
_c20130109
_lUCH01
_h1349
650 1 4 _aPesca.
650 1 4 _aPesca
_xAdministración.
_987353
700 0 _aPrado, J.
_991277
700 0 _aTietze, Uwe.
_9113276
810 0 _aFAO
830 0 0 _aDocumento técnico de pesca
_v; 421
_933242
901 _aBK
905 _aMarco A. Mendoza T.
942 _cLIBRO
949 _a639.2 F3f v.421
_bBC
_cFAO
_d33724000893483
_eFAO1
_h104842
_i100524
_sb
999 _c88997
_d88997